| Tag |
First Indicator |
Second Indicator |
Subfields |
| LEADER |
00000cam a2200000Ma 4500 |
| 001 |
in00003517113 |
| 005 |
20190407115309.0 |
| 006 |
m o d |
| 007 |
cr cnu|||uuuuu |
| 008 |
970130s1997 dcua ob 001 0 eng d |
| 019 |
|
|
|a 507796525
|a 605245362
|a 671939994
|
| 020 |
|
|
|a 9781557984241
|
| 020 |
|
|
|a 1557984247
|
| 020 |
|
|
|z 1557984247
|
| 035 |
|
|
|a (OCoLC)ocm57712061
|
| 035 |
|
|
|a (OCoLC)57712061
|z (OCoLC)507796525
|z (OCoLC)605245362
|z (OCoLC)671939994
|
| 040 |
|
|
|a YUM
|b eng
|e pn
|c YUM
|d OCLCQ
|d UBC
|d U5D
|d ZCU
|d IL4I4
|d LOY
|d OCLCQ
|d OCLCF
|d OCLCO
|d DEBBG
|d OCLCO
|d OCLCQ
|d UtOrBLW
|
| 049 |
|
|
|a TXAM
|
| 050 |
|
4 |
|a RC1045.P78
|b B56 1997
|
| 060 |
|
4 |
|a 1998 E-092
|
| 060 |
|
4 |
|a WM 170
|b B639a 1997
|
| 082 |
0 |
4 |
|a 616.85/21
|2 21
|
| 100 |
1 |
|
|a Blanchard, Edward B.
|
| 245 |
1 |
0 |
|a After the crash :
|b assessment and treatment of motor vehicle accident survivors /
|c Edward B. Blanchard, Edward J. Hickling.
|
| 250 |
|
|
|a 1st ed.
|
| 264 |
|
1 |
|a Washington, DC :
|b American Psychological Association,
|c [1997]
|
| 264 |
|
4 |
|c ©1997
|
| 300 |
|
|
|a 1 online resource (ix, 353 pages) :
|b illustrations
|
| 336 |
|
|
|a text
|b txt
|2 rdacontent
|
| 337 |
|
|
|a computer
|b c
|2 rdamedia
|
| 338 |
|
|
|a online resource
|b cr
|2 rdacarrier
|
| 550 |
|
|
|a Made available through: American Psychological Association's PsycBooks Collection.
|
| 504 |
|
|
|a Includes bibliographical references (pages 303-313) and index.
|
| 520 |
|
|
|a Involvement in motor vehicle accidents (MVA) is a widespread experience for Americans. Moreover, a large-scale survey has shown that MVAs are the most frequent trauma for American males and second most frequent trauma for American females. Another large-scale survey found that MVAs were the single leading cause of posttraumatic stress disorder (PTSD) in the general population. Yet very little is known about the assessment and treatment of road crash survivors, and few studies have looked at the psychological and psychosocial effects of surviving an accident. This book describes the details of a 5-yr study of MVA survivors in the Albany, New York area and discusses MVA related PTSD. This volume will appeal to a broad audience of practitioners, researchers, and physicians; attorneys who handle MVA survivor cases; and those interested in public safety issues. (PsycINFO Database Record (c) 2004 APA, all rights reserved).
|
| 500 |
|
|
|a Electronic resource.
|
| 650 |
|
0 |
|a Traffic accident victims.
|
| 650 |
|
0 |
|a Traffic accidents
|x Psychological aspects.
|
| 650 |
|
0 |
|a Post-traumatic stress disorder.
|
| 650 |
1 |
2 |
|a Accidents, Traffic
|x psychology.
|
| 650 |
1 |
2 |
|a Stress Disorders, Post-Traumatic
|x psychology.
|
| 650 |
2 |
2 |
|a Stress Disorders, Post-Traumatic
|x therapy.
|
| 650 |
2 |
2 |
|a Psychotherapy.
|
| 650 |
|
7 |
|a Post-traumatic stress disorder.
|2 fast
|0 (OCoLC)fst01072762
|
| 650 |
|
7 |
|a Traffic accident victims.
|2 fast
|0 (OCoLC)fst01153995
|
| 650 |
|
7 |
|a Traffic accidents
|x Psychological aspects.
|2 fast
|0 (OCoLC)fst01154023
|
| 655 |
|
7 |
|a Electronic books.
|2 local
|
| 700 |
1 |
|
|a Hickling, Edward J.
|
| 710 |
2 |
|
|a American Psychological Association.
|
| 730 |
0 |
|
|a PsycBOOKs.
|
| 776 |
1 |
|
|a Blanchard, Edward B.
|t After the crash (print)
|w (DLC) 97005336
|
| 856 |
4 |
0 |
|u http://proxy.library.tamu.edu/login?url=http://search.ebscohost.com/direct.asp?db=pzh&jid=199709030&scope=site
|z Connect to the full text of this electronic book
|t 0
|
| 994 |
|
|
|a 92
|b TXA
|
| 999 |
|
|
|a MARS
|
| 999 |
f |
f |
|s 8dbbd161-ac89-3ece-a2b0-f1b47a26f3b8
|i 37b4b84a-f7c7-37c1-9370-b1c077b7f150
|t 0
|
| 952 |
f |
f |
|a Texas A&M University
|b College Station
|c Electronic Resources
|d Available Online
|t 0
|e RC1045.P78 B56 1997
|h Library of Congress classification
|
| 998 |
f |
f |
|a RC1045.P78 B56 1997
|t 0
|l Available Online
|